000 00505nam a2200157 a 4500
082 0 0 _a958.1045
_bKAM
_cD
100 1 _aMatinuddin, Kamal.
_95530
245 1 0 _aPower struggle in the Hindu Kush :
_bAfghanistan, 1978-1991 /
_cKamal Matinuddin.
250 _a1st ed.
260 _aLahore, Pakistan :
_bWajidalis,
_cc1991.
300 _aix, 377 p. :
_bill., maps ;
_c23 cm.
526 _a0
_b0
_c0
_d958_104500000000000_KAM
526 _a0
_b0
_c0
_d958_104500000000000_KAM
650 _aMCE.
_9379
942 _2ddc
_cBK
999 _c551906
_d551906